000 00558nam a2200193Ia 4500
005 20250923145739.0
008 008 250917s9999 xx 000 0 eng d
037 _aTextual
040 _aDSWL
_beng
_cDSWL
041 _aeng
_2eng
084 _aX, N86
_qDSWL
245 0 _aIndia labour year book 1985
_cby India Labour BureanIndia
260 _aNew Delhi
_b Labour Bureau Ministry of Labour , Govt of India
_c1986
300 _avi,367,6
365 _aINR
_b191.50
925 _g191.50
942 _cTEXL
_hX, N86
999 _c1455160
_d1455160